| Tag |
First Indicator |
Second Indicator |
Subfields |
| LEADER |
00000pam a2200000 a 4500 |
| 001 |
in00000603921 |
| 005 |
20151014100141.0 |
| 008 |
860519s1986 enk b 00110 eng |
| 010 |
|
|
|a 86006021
|
| 020 |
|
|
|a 0422786608
|
| 020 |
|
|
|a 0422786705 (pbk.)
|
| 035 |
|
|
|a (OCoLC)13665115
|
| 035 |
|
|
|9 ACR3607AM
|
| 040 |
|
|
|a DLC
|c DLC
|d m/c
|d TXA
|d UtOrBLW
|
| 043 |
|
|
|a e-uk---
|
| 049 |
|
|
|a TXAM
|c [A10754438]
|
| 050 |
0 |
0 |
|a HN385.5
|b .P37 1986
|
| 082 |
0 |
|
|a 361.6/1/0941
|2 19
|
| 100 |
1 |
|
|a Pascall, Gillian.
|
| 245 |
1 |
0 |
|a Social policy :
|b a feminist analysis /
|c Gillian Pascall.
|
| 264 |
|
1 |
|a London ;
|a New York :
|b Tavistock Publications,
|c 1986.
|
| 300 |
|
|
|a 263 pages ;
|c 22 cm.
|
| 336 |
|
|
|a text
|b txt
|2 rdacontent
|
| 337 |
|
|
|a unmediated
|b n
|2 rdamedia
|
| 338 |
|
|
|a volume
|b nc
|2 rdacarrier
|
| 500 |
|
|
|a Includes indexes.
|
| 504 |
|
|
|a Bibliography: pages [239]-255.
|
| 650 |
|
0 |
|a Feminism
|z Great Britain.
|
| 650 |
|
0 |
|a Women
|z Great Britain
|x Social conditions.
|
| 650 |
|
0 |
|a Welfare state.
|
| 651 |
|
0 |
|a Great Britain
|x Social policy.
|
| 999 |
|
|
|a MARS
|
| 999 |
f |
f |
|s d1a5177b-1026-3df3-a2ea-bfa3508014fa
|i 592c72e4-6bc1-371d-a5ec-cf7242f5bb83
|t 0
|
| 952 |
f |
f |
|p ric
|a Texas A&M University
|b Rellis Campus
|c Joint Library Facility
|d Remote Storage
|t 0
|e HN385.5 .P37 1986
|h Library of Congress classification
|i unmediated -- volume
|m A14810754438
|
| 998 |
f |
f |
|a HN385.5 .P37 1986
|t 0
|l Remote Storage
|